00291nam a2200109Ia 4500008004100000245006300041260003200104260000900136300001000145500001300155650001300168170224s9999 xx 000 0 und d aNewsCAP: New growth charts for children with Down syndrome bAmerican Journal of Nursing c2016 a116:2 aFebruary xNursing.